Úvod do problematiky zbraní hromadného ničení /
Uložené v:
| Hlavný autor: | |
|---|---|
| Médium: | Kniha |
| Jazyk: | Czech |
| Vydané: |
Olomouc :
Univerzita Palackého v Olomouci,
2013.
|
| Vydanie: | 1. vyd. |
| Edícia: | Monografie
|
| Témy: | |
| ISBN: |
9788024438108 (brož.) |
| Fyzický popis: |
184 s. : fotogr., mp., tab. ; 21 cm. |
| Tagy: |
Pridať tag
Žiadne tagy, Buďte prvý kto otaguje tento záznam!
|
Titul je dostupný aj v ... 

MARC
| LEADER | 00000nam a2200000 a 4500 | ||
|---|---|---|---|
| 001 | 000451521 | ||
| 005 | 20140813131247.0 | ||
| 008 | 131126s2013 xr blo e 000 0 cze d | ||
| 020 | |a 9788024438108 (brož.) | ||
| 040 | |a SVKKK |b slo |c SVKKK |e AACR2 | ||
| 041 | 0 | |a cze |b eng | |
| 044 | |a xr |c CZ | ||
| 072 | 7 | |a 327 |x Medzinárodné vzťahy, svetová politika |2 konspekt | |
| 080 | |a 623.45 |2 2001 | ||
| 080 | |a 327.5 |2 2001 | ||
| 080 | |a (048.8) |2 2001 | ||
| 100 | 1 | |a Filipec, Ondřej, |d 1986- | |
| 245 | 1 | 0 | |a Úvod do problematiky zbraní hromadného ničení / |c Ondřej Filipec. |
| 250 | |a 1. vyd. | ||
| 260 | |a Olomouc : |b Univerzita Palackého v Olomouci, |c 2013. | ||
| 300 | |a 184 s. : |b fotogr., mp., tab. ; |c 21 cm. | ||
| 490 | 1 | |a Monografie | |
| 504 | |a Bibliografia: s. 154-182 | ||
| 546 | |a Resumé angl. | ||
| 650 | 0 | 7 | |a zbrane hromadného ničenia |2 SVKKKPH |
| 650 | 0 | 7 | |a medzinárodná bezpečnosť |2 SVKKKPH |
| 655 | 7 | |a monografie |2 SVKKKPH | |
| 810 | 2 | |a Univerzita Palackého (Olomouc, Česko) |t Monografie | |
| 910 | |a svkkk | ||
| 919 | |a 978-80-244-3810-8 | ||
| 998 | |a BK | ||
| 090 | |g SCKHL |k Sklad Hlavná 10 prízemie |a III.229411 |j 1054905 |i 2720290429 |s Absenčne | ||